000 00698nam a22001817a 4500
003 BUBTL
008 190423b xxu||||| |||| 00| 0 eng d
020 _a984-18-0172-8
082 _a891.443 / BOP
100 _92286
_aবন্দোপাধ্যায়, বিভূতিভূষন
245 _aপথের পাঁচালী /
_cবিভূতিভূষন বন্দোপাধ্যায়
260 _aঢাকা :
_bবিশ্ব সাহিত্য কেন্দ্র,
_cc2008
300 _a224 p. :
_c22 cm.
650 0 _91689
_aবাংলা সাহিত্য
856 _k0
_l0
_yDownload
942 _2ddc
_cBK
999 _c5985
_d5985